[Event "gm"]
[Site "?"]
[Date "2013.07.23"]
[Round "4.1"]
[White "Tiviakov, Sergei"]
[Black "Tischbierek, Raj"]
[Result "1/2-1/2"]
[WhiteElo "2654"]
[BlackElo "2422"]
[PlyCount "127"]
[EventDate "2013.??.??"]

1. e4 Nf6 2. e5 Nd5 3. d4 d6 4. Nf3 Bg4 5. Be2 e6 6. O-O Be7 7. c4 Nb6 8. h3
Bh5 9. Nc3 O-O 10. Be3 d5 11. c5 Bxf3 12. gxf3 Nc8 13. f4 Nc6 14. b4 Bh4 15.
Kh2 N8e7 16. b5 Na5 17. Bd3 Nf5 18. c6 bxc6 19. Bxf5 exf5 20. Qa4 Nc4 21. bxc6
Re8 22. Qb5 Nb6 23. Rac1 Re6 24. Na4 Be7 25. Rc2 Bf8 26. Rg1 Kh8 27. Bd2 Rb8
28. Qa6 g6 29. Rg3 Qe8 30. Nxb6 axb6 31. Qb5 Qd8 32. Kg2 Ra8 33. Rb3 h6 34. Kf1
f6 35. Kg2 Kg7 36. Rg3 Kf7 37. Kh2 h5 38. a4 Bh6 39. Rc1 h4 40. Rg2 Ra5 41. Qb3
fxe5 42. dxe5 Rc5 43. Rd1 Rexc6 44. Be3 Rc4 45. e6+ Kg7 46. Qb2+ d4 47. Bxd4+
Kh7 48. Be3 Qxd1 49. Qf6 Qh5 50. Qf7+ Bg7 51. e7 Re4 52. e8=Q Rxe8 53. Qxe8 Qf3
54. Qe7 Qe4 55. Qxh4+ Bh6 56. Rg1 Rd6 57. Rc1 Rd7 58. Kg3 c5 59. Qf6 Bxf4+ 60.
Bxf4 Rd3+ 61. Be3 Rxe3+ 62. fxe3 Qxe3+ 63. Kg2 Qxc1 64. Qe7+ 1/2-1/2

[Event "gm"]
[Site "?"]
[Date "2013.07.23"]
[Round "4.5"]
[White "Haznedaroglu, Kivanc"]
[Black "De Villiers, Charles"]
[Result "1-0"]
[WhiteElo "2417"]
[BlackElo "2255"]
[PlyCount "93"]
[EventDate "2013.??.??"]

1. e4 c5 2. Nf3 a6 3. c4 Qc7 4. d4 cxd4 5. Nxd4 Nf6 6. Nc3 e6 7. a3 b6 8. Be3
Bb7 9. f3 Be7 10. Rc1 d6 11. Be2 Nbd7 12. O-O O-O 13. b4 Rac8 14. Qd2 Qb8 15.
Nb3 Rfe8 16. Rfd1 Bd8 17. Kh1 Bc7 18. Bf4 Ne5 19. Bxe5 dxe5 20. c5 Red8 21. Qe1
h6 22. Na4 b5 23. Nb6 Bxb6 24. cxb6 Rxc1 25. Rxc1 Nd7 26. Qg1 Bc8 27. Na5 Qxb6
28. Nc6 Re8 29. Qxb6 Nxb6 30. Nxe5 f6 31. Rc6 fxe5 32. Rxb6 Rd8 33. Kg1 Rd2 34.
Rb8 Rc2 35. Bd3 Rc3 36. a4 Rxd3 37. Rxc8+ Kf7 38. axb5 axb5 39. Rc5 Rb3 40.
Rxb5 Rb2 41. h4 g6 42. Rb8 h5 43. b5 Rb1+ 44. Kh2 Rb2 45. b6 Kf6 46. b7 Kg7 47.
Kg1 1-0

[Event "gm"]
[Site "?"]
[Date "2013.07.24"]
[Round "5.2"]
[White "Arnold, Marc T"]
[Black "Tiviakov, Sergei"]
[Result "1/2-1/2"]
[WhiteElo "2525"]
[BlackElo "2654"]
[PlyCount "91"]
[EventDate "2013.??.??"]

1. e4 c5 2. Nf3 d6 3. d4 cxd4 4. Nxd4 Nf6 5. Nc3 g6 6. Be3 Bg7 7. f3 Nc6 8. Qd2
Bd7 9. g4 Rc8 10. O-O-O Ne5 11. h4 h5 12. g5 Nh7 13. f4 Ng4 14. f5 Qa5 15. Bg1
gxf5 16. exf5 Bxf5 17. Nxf5 Qxf5 18. Bd4 Bxd4 19. Qxd4 Qe5 20. Bh3 Qxd4 21.
Rxd4 Rc5 22. Bxg4 hxg4 23. Re1 g3 24. Rxd6 Nf8 25. Rd3 Rxh4 26. Rxg3 Ng6 27. b3
Rh5 28. Reg1 Kf8 29. Kb2 Kg7 30. Ne2 Rh2 31. Nd4 Rf2 32. R1g2 Rxg2 33. Rxg2 Nh4
34. Rg4 Ng6 35. c4 e6 36. Kc3 Ne7 37. Nb5 Kg6 38. Nd6 b6 39. b4 Re5 40. Rg2 Nf5
41. Nxf5 Rxf5 42. Kd4 Rf4+ 43. Kc3 Rf5 44. Kd4 Rf4+ 45. Kc3 Rf5 46. Kd4 1/2-1/2

[Event "gm"]
[Site "?"]
[Date "2013.07.24"]
[Round "5.3"]
[White "Tischbierek, Raj"]
[Black "Gwaze, Robert"]
[Result "0-1"]
[WhiteElo "2422"]
[BlackElo "2433"]
[PlyCount "64"]
[EventDate "2013.??.??"]

1. e4 c5 2. Nf3 d6 3. d4 cxd4 4. Nxd4 Nf6 5. Nc3 a6 6. a4 g6 7. Be2 Nc6 8. Nb3
Bg7 9. O-O O-O 10. Bg5 Be6 11. f4 Na5 12. Nxa5 Qxa5 13. f5 gxf5 14. exf5 Bxf5
15. Bxf6 Bxf6 16. Nd5 Qc5+ 17. Kh1 Qxc2 18. Nxf6+ exf6 19. Qd4 Bg6 20. Bf3 Qc5
21. Qxf6 Qe5 22. Bxb7 Ra7 23. Qf3 Qxb2 24. Bd5 Re7 25. Rad1 a5 26. h4 Qe5 27.
Rd2 Rc8 28. Qf4 Rc1 29. Qf2 Rxf1+ 30. Qxf1 Qg3 31. Rd1 Qxh4+ 32. Kg1 Qxa4 0-1

[Event "gm"]
[Site "?"]
[Date "2013.07.24"]
[Round "5.4"]
[White "Gluckman, David"]
[Black "Haznedaroglu, Kivanc"]
[Result "0-1"]
[WhiteElo "2250"]
[BlackElo "2417"]
[PlyCount "92"]
[EventDate "2013.??.??"]

1. c4 e5 2. Nc3 Nc6 3. g3 g6 4. Bg2 Bg7 5. e3 f5 6. d3 Nf6 7. Nge2 O-O 8. O-O
d6 9. Rb1 a5 10. b3 Ne7 11. Bb2 c6 12. d4 Qc7 13. Rc1 g5 14. c5 e4 15. cxd6
Qxd6 16. Na4 Ned5 17. Nec3 b6 18. Nxd5 Nxd5 19. Qd2 Ba6 20. Rfe1 Rae8 21. Nc3
Nb4 22. Ba3 c5 23. Bxb4 axb4 24. Ne2 Rd8 25. Bf1 Qg6 26. Nf4 gxf4 27. Bxa6 fxe3
28. fxe3 cxd4 29. Qxb4 dxe3 30. Kh1 f4 31. gxf4 Rd2 32. Re2 Rxe2 33. Qc4+ Kh8
34. Qxe2 Bd4 35. Rg1 Qh6 36. Bc4 Qh4 37. Qg2 Qd8 38. Qxe4 Re8 39. Qc6 e2 40.
Re1 Bc3 41. Rxe2 Qd1+ 42. Kg2 Rxe2+ 43. Bxe2 Qxe2+ 44. Kh3 Qh5+ 45. Kg2 Qg6+
46. Qxg6 hxg6 0-1

[Event "gm"]
[Site "?"]
[Date "2013.07.24"]
[Round "5.5"]
[White "Van Den Heever, Donovan"]
[Black "Kobese, Watu"]
[Result "1/2-1/2"]
[WhiteElo "2280"]
[BlackElo "2343"]
[PlyCount "98"]
[EventDate "2013.??.??"]

1. e4 e6 2. d3 b6 3. Nf3 Bb7 4. g3 d6 5. Bg2 g6 6. h4 h6 7. c3 Bg7 8. O-O Nd7
9. Re1 Ne7 10. Nbd2 a5 11. Nf1 Nc5 12. Qc2 Ba6 13. Rd1 Bb7 14. Re1 Ba6 15. Rd1
d5 16. exd5 exd5 17. d4 Ne6 18. Ne3 Qd6 19. a4 c5 20. dxc5 bxc5 21. h5 O-O 22.
Nh4 Nc7 23. b3 Rad8 24. Ba3 Qb6 25. Rac1 Bb7 26. Re1 Rfe8 27. Rcd1 Na6 28. hxg6
fxg6 29. Ng4 g5 30. Nf5 Nxf5 31. Rxe8+ Rxe8 32. Qxf5 Nc7 33. Qc2 d4 34. Bxb7 h5
35. Bg2 hxg4 36. Bb2 Rb8 37. b4 c4 38. cxd4 Qxb4 39. Bc3 Qb3 40. Qd2 Qxa4 41.
Ra1 Qb3 42. Bxa5 Qb2 43. Qxb2 Rxb2 44. Bxc7 Bxd4 45. Bd5+ Kh7 46. Bxc4 Rxf2 47.
Be5 Bxa1 48. Bxa1 Rf3 49. Kg2 Kh6 1/2-1/2

[Event "gm"]
[Site "?"]
[Date "2013.07.24"]
[Round "5.6"]
[White "Emojong, Elijah"]
[Black "Solomons, Deon"]
[Result "1-0"]
[WhiteElo "2311"]
[BlackElo "2179"]
[PlyCount "33"]
[EventDate "2013.??.??"]

1. e4 e5 2. Nf3 Nc6 3. d4 exd4 4. Nxd4 Bc5 5. Nb3 Bb6 6. Nc3 d6 7. Qe2 Be6 8.
Nd5 h6 9. Bd2 Ne5 10. Bc3 Bg4 11. Qd2 Qh4 12. Bb5+ Nd7 13. Qf4 O-O-O 14. h3 f5
15. exf5 Re8+ 16. Kf1 Re4 17. Nxb6+ 1-0

[Event "gm"]
[Site "?"]
[Date "2013.07.26"]
[Round "6.1"]
[White "Haznedaroglu, Kivanc"]
[Black "Ipatov, Alexander"]
[Result "0-1"]
[WhiteElo "2417"]
[BlackElo "2583"]
[PlyCount "82"]
[EventDate "2013.??.??"]

1. e4 c5 2. Nf3 Nc6 3. d4 cxd4 4. Nxd4 Nf6 5. Nc3 d6 6. Bg5 g6 7. Bb5 Bd7 8.
Bxf6 exf6 9. O-O Bg7 10. Nde2 Be6 11. Nf4 O-O 12. Nxe6 fxe6 13. Ne2 f5 14. Nf4
Nd4 15. Bc4 Qc8 16. Bxe6+ Nxe6 17. Qd5 Re8 18. exf5 gxf5 19. Rfe1 Be5 20. Nh5
Qc6 21. Rxe5 dxe5 22. Qxe5 Qc5 23. Nf6+ Kf7 24. Nd5 Ng7 25. Qc7+ Qxc7 26. Nxc7
Rad8 27. Nxe8 Nxe8 28. Kf1 Nf6 29. Ke2 Ne4 30. Ke3 Kf6 31. a4 Ke5 32. g3 Nd2
33. b3 Ne4 34. Re1 a5 35. h3 h5 36. Rg1 Rc8 37. c4 Rd8 38. Rb1 Nc5 39. b4 Rd3+
40. Ke2 axb4 41. Rxb4 Rb3 0-1

[Event "gm"]
[Site "?"]
[Date "2013.07.26"]
[Round "6.2"]
[White "Tiviakov, Sergei"]
[Black "Gwaze, Robert"]
[Result "1-0"]
[WhiteElo "2654"]
[BlackElo "2433"]
[PlyCount "73"]
[EventDate "2013.??.??"]

1. e4 c5 2. Nf3 a6 3. c3 d6 4. d4 Nf6 5. Bd3 g6 6. O-O Bg7 7. dxc5 dxc5 8. e5
Ng4 9. Qe2 Nc6 10. Bf4 O-O 11. Bc2 Qb6 12. Bb3 Na5 13. Bd5 e6 14. Be4 f5 15.
exf6 Nxf6 16. Be5 Bd7 17. Bxf6 Bxf6 18. Re1 Rad8 19. Na3 Qc7 20. Rad1 Kg7 21.
Nd2 b5 22. Nc2 b4 23. Qe3 bxc3 24. bxc3 Ba4 25. Nb1 Rxd1 26. Rxd1 Rd8 27. Re1
Nc4 28. Qe2 Nd6 29. Bf3 Nb5 30. Qe4 c4 31. Ne3 Bxc3 32. Nxc3 Nxc3 33. Qxe6 Nxa2
34. Nd5 Qd6 35. Qg4 Bb3 36. Re7+ Kg8 37. Qd4 1-0

[Event "gm"]
[Site "?"]
[Date "2013.07.26"]
[Round "6.3"]
[White "Kasparov, Sergey"]
[Black "Arnold, Marc T"]
[Result "0-1"]
[WhiteElo "2470"]
[BlackElo "2525"]
[PlyCount "100"]
[EventDate "2013.??.??"]

1. e4 c5 2. Nf3 Nc6 3. Bb5 e6 4. Bxc6 bxc6 5. b3 e5 6. Nxe5 Qe7 7. Bb2 d6 8.
Nc4 d5 9. Ne3 d4 10. Nc4 Qxe4+ 11. Qe2 Qxe2+ 12. Kxe2 Nf6 13. Re1 Be7 14. Kf1
Be6 15. Nba3 Nd5 16. Ne5 Rc8 17. c3 dxc3 18. dxc3 f6 19. Nd3 Kf7 20. Rad1 Bf5
21. Rd2 Rhd8 22. Nc4 Nb6 23. Nxb6 axb6 24. Red1 Ra8 25. Nc1 Rxd2 26. Rxd2 h5
27. a3 Be6 28. f3 g5 29. Kf2 Bd8 30. h3 b5 31. Rd6 Ke7 32. Rxc6 Bd5 33. Rxc5
Bb6 34. Nd3 Bxb3 35. Ke1 Bxc5 36. Nxc5 Bc4 37. Bc1 Kf7 38. Ne4 Kg6 39. Kf2 Rd8
40. g4 hxg4 41. hxg4 Rd3 42. Be3 Bd5 43. Bd4 Bc6 44. Kg2 f5 45. gxf5+ Kxf5 46.
Ng3+ Kg6 47. Ne4 Bd5 48. Kf2 g4 49. Nd6 Rxf3+ 50. Kg1 g3 0-1

[Event "gm"]
[Site "?"]
[Date "2013.07.26"]
[Round "6.5"]
[White "Kobese, Watu"]
[Black "Gluckman, David"]
[Result "0-1"]
[WhiteElo "2343"]
[BlackElo "2250"]
[PlyCount "60"]
[EventDate "2013.??.??"]

1. e4 Nf6 2. e5 Nd5 3. d4 d6 4. Nf3 dxe5 5. dxe5 Bg4 6. Qd4 Bxf3 7. gxf3 e6 8.
a3 Nc6 9. Qe4 a6 10. b4 f5 11. exf6 Qxf6 12. Ra2 Bd6 13. c4 Nf4 14. c5 Be5 15.
Bxa6 Rxa6 16. b5 Nb4 17. bxa6 Nbd3+ 18. Kf1 Nxc1 19. axb7 O-O 20. Rc2 Ncd3 21.
h4 Qd8 22. Nd2 c6 23. Qxc6 Nb4 24. Qe4 Nxc2 25. Qxc2 Qd4 26. Nb3 Qd5 27. c6
Qxf3 28. Rg1 Nd5 29. Qe2 Qc3 30. Kg2 Nf4+ 0-1

[Event "gm"]
[Site "?"]
[Date "2013.07.26"]
[Round "6.6"]
[White "Solomons, Deon"]
[Black "Cawdery, Daniel"]
[Result "0-1"]
[WhiteElo "2179"]
[BlackElo "2345"]
[PlyCount "98"]
[EventDate "2013.??.??"]

1. Nf3 Nf6 2. g3 g6 3. Bg2 Bg7 4. O-O O-O 5. d3 d5 6. c3 c5 7. Qc2 Nc6 8. a3 a5
9. a4 h6 10. Na3 Be6 11. Re1 Rc8 12. Nb5 Qd7 13. Bd2 Rfd8 14. Rad1 d4 15. c4
Bh3 16. Bh1 g5 17. Qb3 Qf5 18. Na3 e5 19. Rf1 Bxf1 20. Rxf1 Nb4 21. Ne1 e4 22.
Nb5 Qe6 23. Nc2 Rd7 24. Bg2 Re8 25. Bc1 Nc6 26. Ne1 exd3 27. Nxd3 Qf5 28. Re1
Nb4 29. Bd2 Re6 30. Bxb4 axb4 31. Qc2 Rde7 32. Qd2 b6 33. Qd1 h5 34. h3 Bh6 35.
Qd2 Kg7 36. Qd1 Ne4 37. g4 hxg4 38. hxg4 Qxg4 39. f3 Qg3 40. Rf1 Nf6 41. Qe1
Nh5 42. a5 bxa5 43. Nxc5 Rxe2 44. Qxg3 Nxg3 45. Nxd4 Nxf1 46. Bxf1 R2e5 47. Nd3
g4 48. f4 Rh5 49. Nb5 Re3 0-1

[Event "gm"]
[Site "?"]
[Date "2013.07.26"]
[Round "6.7"]
[White "De Villiers, Charles"]
[Black "Van Den Heever, Donovan"]
[Result "1-0"]
[WhiteElo "2255"]
[BlackElo "2280"]
[PlyCount "75"]
[EventDate "2013.??.??"]

1. d4 d5 2. c4 c6 3. Nf3 Nf6 4. Nc3 a6 5. a4 Bf5 6. Qb3 Ra7 7. e3 e6 8. Nh4 Bg4
9. h3 Bh5 10. g4 Bg6 11. Nxg6 hxg6 12. Bg2 a5 13. Bd2 Nbd7 14. cxd5 Nxd5 15.
O-O Bd6 16. Ne4 Bc7 17. f4 O-O 18. Rac1 Ra6 19. Qc4 Qe7 20. Ng5 Rb8 21. Qe2 Nb4
22. Nf3 b5 23. axb5 Rxb5 24. Rxc6 Nxc6 25. Qxb5 Rb6 26. Qc4 Bb8 27. Bc3 Nb4 28.
Ne5 Bxe5 29. dxe5 Qe8 30. Rd1 Nf8 31. Qc7 Qb8 32. Qe7 Nd5 33. Bxd5 exd5 34.
Rxd5 Ne6 35. Rxa5 Rxb2 36. Bxb2 Qxb2 37. Ra8+ Kh7 38. Qh4# 1-0

[Event "gm"]
[Site "?"]
[Date "2013.07.27"]
[Round "7.1"]
[White "Ipatov, Alexander"]
[Black "Emojong, Elijah"]
[Result "1-0"]
[WhiteElo "2583"]
[BlackElo "2311"]
[PlyCount "81"]
[EventDate "2013.??.??"]

1. d4 Nf6 2. Nf3 g6 3. c4 Bg7 4. g3 O-O 5. Bg2 d6 6. O-O Nbd7 7. Nc3 e5 8. Qc2
c6 9. Rd1 Qe7 10. b3 exd4 11. Nxd4 Re8 12. e4 Nc5 13. f3 Nfd7 14. Rb1 a5 15.
Nce2 Ne5 16. h3 h5 17. Bb2 h4 18. g4 Kh7 19. Kh1 Bd7 20. a3 Kg8 21. Rd2 Bc8 22.
Ba1 Bh6 23. Rdd1 a4 24. b4 Nb3 25. Nxb3 axb3 26. Rxb3 Be6 27. Rc3 b5 28. cxb5
cxb5 29. g5 Bg7 30. Rc7 Qd8 31. Qc3 Bc4 32. Rxc4 bxc4 33. f4 Qb6 34. fxe5 Bxe5
35. Qxc4 Rxa3 36. Bxe5 Rxe5 37. Nc3 Rxg5 38. Rf1 Ra7 39. Nd5 Qa6 40. Ne7+ Kg7
41. Qxf7+ 1-0

[Event "gm"]
[Site "?"]
[Date "2013.07.27"]
[Round "7.3"]
[White "Arnold, Marc T"]
[Black "Haznedaroglu, Kivanc"]
[Result "0-1"]
[WhiteElo "2525"]
[BlackElo "2417"]
[PlyCount "122"]
[EventDate "2013.??.??"]

1. Nf3 Nf6 2. c4 e6 3. g3 d5 4. Bg2 Be7 5. b3 b6 6. Bb2 Bb7 7. O-O dxc4 8. bxc4
c5 9. e3 O-O 10. Qe2 Nbd7 11. Rd1 Qc7 12. Nc3 Rac8 13. a4 a5 14. Rac1 Qb8 15.
Ng5 Bxg2 16. Kxg2 Qb7+ 17. Qf3 Qxf3+ 18. Nxf3 Nb8 19. Ne5 Rfd8 20. Nb5 Nfd7 21.
Nf3 Nc6 22. Kf1 Nb4 23. Ke2 Bf6 24. Bxf6 Nxf6 25. d3 Kf8 26. Ne5 Ne8 27. f4 f6
28. Nf3 Nd6 29. Rd2 Rd7 30. g4 h6 31. Nc3 Rcd8 32. Rcd1 h5 33. g5 Nf5 34. Ne4
Kf7 35. Ng3 Nxg3+ 36. hxg3 Ke7 37. g6 Rd6 38. Nh4 Nc6 39. Nf3 Nb4 40. e4 R6d7
41. d4 cxd4 42. Nxd4 Rd6 43. f5 Na2 44. Nxe6 Nc3+ 45. Ke1 Rxe6 46. Rxd8 Rxe4+
47. Kd2 Nxd1 48. Rg8 Ne3 49. Kd3 Re5 50. Rxg7+ Kd6 51. Rb7 Nxf5 52. Rxb6+ Ke7
53. Rb5 Nxg3 54. c5 Nf5 55. Rb7+ Ke6 56. Kc4 Re4+ 57. Kb5 Rb4+ 58. Ka6 Rxb7 59.
Kxb7 h4 60. c6 h3 61. g7 Ke5 0-1

[Event "gm"]
[Site "?"]
[Date "2013.07.27"]
[Round "7.5"]
[White "Gwaze, Robert"]
[Black "Kobese, Watu"]
[Result "1-0"]
[WhiteElo "2433"]
[BlackElo "2343"]
[PlyCount "41"]
[EventDate "2013.??.??"]

1. e4 e6 2. d4 d5 3. e5 c5 4. c3 Nc6 5. Nf3 Bd7 6. Be2 Nh6 7. O-O Qb6 8. dxc5
Qc7 9. Bf4 f6 10. c4 d4 11. Nxd4 Nxd4 12. Qxd4 Nf5 13. Qe4 Bc6 14. exf6 Qf7 15.
Qd3 Qxf6 16. Bh5+ g6 17. Bf3 Nd4 18. Bxc6+ bxc6 19. Bd6 Bxd6 20. cxd6 O-O 21.
Nc3 1-0

[Event "gm"]
[Site "?"]
[Date "2013.07.27"]
[Round "7.6"]
[White "Tischbierek, Raj"]
[Black "Van Den Heever, Donovan"]
[Result "1-0"]
[WhiteElo "2422"]
[BlackElo "2280"]
[PlyCount "77"]
[EventDate "2013.??.??"]

1. e4 c5 2. Nc3 a6 3. Nf3 b5 4. d4 cxd4 5. Nxd4 Bb7 6. Bd3 e6 7. O-O Qb6 8. Nf3
d6 9. a4 bxa4 10. Be3 Qc7 11. Rxa4 Nf6 12. Qa1 Be7 13. Nd4 O-O 14. Nb3 Bc6 15.
Rc4 Ng4 16. Bf4 Qa7 17. Na5 Bb5 18. Rb4 Qc5 19. Rb3 Nc6 20. Nxc6 Qxc6 21. Nxb5
axb5 22. Qd1 Nf6 23. Qe2 Rab8 24. e5 Nd5 25. Qe4 g6 26. exd6 Bxd6 27. Bxd6 Qxd6
28. Bxb5 Nf4 29. Bc4 f5 30. Qe3 Kg7 31. Rxb8 Rxb8 32. b3 g5 33. Re1 Kf6 34. g3
Rg8 35. Qc3+ Kf7 36. gxf4 gxf4+ 37. Kf1 Rg6 38. Qe5 Qc6 39. Bxe6+ 1-0

[Event "gm"]
[Site "?"]
[Date "2013.07.28"]
[Round "8.1"]
[White "Tischbierek, Raj"]
[Black "Ipatov, Alexander"]
[Result "0-1"]
[WhiteElo "2422"]
[BlackElo "2583"]
[PlyCount "80"]
[EventDate "2013.??.??"]

1. e4 b6 2. d4 Bb7 3. Bd3 g6 4. Nf3 Bg7 5. O-O d6 6. c3 Nd7 7. Re1 e5 8. a4 a6
9. Bg5 Ngf6 10. Nbd2 h6 11. Bh4 O-O 12. Qc2 Qe7 13. Rad1 Rfe8 14. h3 Qf8 15.
Bg3 Rac8 16. dxe5 Nh5 17. e6 fxe6 18. e5 Nxg3 19. fxg3 Nxe5 20. Nxe5 Bxe5 21.
Bxg6 Re7 22. Rf1 Qg7 23. g4 Kh8 24. Nf3 Bg3 25. c4 Rf8 26. b3 Rf6 27. Be4 c6
28. a5 d5 29. Bd3 bxa5 30. Qd2 e5 31. Bf5 e4 32. Nd4 Qg5 33. Qxa5 Qe3+ 34. Kh1
Bc7 35. Qe1 Qxe1 36. Rfxe1 Ba5 37. Rf1 c5 38. Nc2 e3 39. Ra1 e2 40. Rg1 Bc3 0-1

[Event "gm"]
[Site "?"]
[Date "2013.07.28"]
[Round "8.3"]
[White "De Villiers, Charles"]
[Black "Arnold, Marc T"]
[Result "1-0"]
[WhiteElo "2255"]
[BlackElo "2525"]
[PlyCount "133"]
[EventDate "2013.??.??"]

1. d4 e6 2. c4 b6 3. a3 Bb7 4. Nc3 Nf6 5. d5 d6 6. e4 Nbd7 7. Bd3 g6 8. Nf3 Bg7
9. O-O O-O 10. Re1 a5 11. Rb1 Nh5 12. Bg5 Qc8 13. Qd2 Nc5 14. Bc2 a4 15. Nd4
Qd7 16. Bh6 e5 17. Bxg7 Nxg7 18. Ndb5 Ba6 19. Re3 Bxb5 20. Nxb5 Nh5 21. Nc3 Nf4
22. Rf1 Kh8 23. g3 g5 24. f3 Ng6 25. Ree1 f6 26. Nd1 b5 27. cxb5 Qxb5 28. Qb4
Qd7 29. Ne3 Rab8 30. Qc3 Rg8 31. Nc4 h5 32. Na5 Rbf8 33. Nc6 Ne7 34. Nxe7 Qxe7
35. Kh1 Qd7 36. f4 Rf7 37. Qe3 h4 38. fxe5 fxe5 39. Rf5 Rxf5 40. exf5 Qf7 41.
Rd1 hxg3 42. Qxg3 Qf6 43. Qg4 Kg7 44. Rg1 Kf7 45. Bxa4 Nxa4 46. Qxa4 Qxf5 47.
Qg4 Qxg4 48. Rxg4 Kf6 49. Rc4 Rb8 50. b4 Ra8 51. Rxc7 Rxa3 52. Rc6 e4 53. Rxd6+
Ke5 54. Rg6 Kxd5 55. Kg2 Ke5 56. Rxg5+ Kf4 57. Ra5 Rb3 58. b5 Rb2+ 59. Kg1 Kf3
60. h4 e3 61. Ra1 Rg2+ 62. Kh1 Rg4 63. Rf1+ Ke2 64. Rf6 Kd3 65. Rd6+ Ke2 66. b6
Rxh4+ 67. Kg2 1-0

[Event "gm"]
[Site "?"]
[Date "2013.07.28"]
[Round "8.4"]
[White "Gwaze, Robert"]
[Black "Cawdery, Daniel"]
[Result "1/2-1/2"]
[WhiteElo "2433"]
[BlackElo "2345"]
[PlyCount "57"]
[EventDate "2013.??.??"]

1. e4 c5 2. Nf3 Nc6 3. Bb5 g6 4. O-O Bg7 5. Re1 Nf6 6. c3 O-O 7. h3 e5 8. d3 d6
9. Na3 Qc7 10. Be3 a6 11. Bxc6 Qxc6 12. Qd2 Re8 13. c4 Nh5 14. Rac1 f5 15. exf5
gxf5 16. Bh6 Re6 17. Bxg7 Rg6 18. Bxe5 dxe5 19. Kf1 Nf4 20. Rxe5 Nxg2 21. Rd5
Qf6 22. Qc3 Qe7 23. Qe5 Be6 24. Rd6 Nh4 25. Nxh4 Qxh4 26. Rxe6 Qxh3+ 27. Ke2
Qh5+ 28. Kf1 Qh1+ 29. Ke2 1/2-1/2

[Event "gm"]
[Site "?"]
[Date "2013.07.28"]
[Round "8.5"]
[White "Kasparov, Sergey"]
[Black "Solomons, Deon"]
[Result "1-0"]
[WhiteElo "2470"]
[BlackElo "2179"]
[PlyCount "91"]
[EventDate "2013.??.??"]

1. e4 c5 2. Nf3 d6 3. d4 cxd4 4. Nxd4 Nf6 5. f3 Nc6 6. c4 Qb6 7. Nc2 g6 8. Nc3
Bg7 9. Rb1 Ng4 10. Qd2 Bh6 11. Qe2 Bxc1 12. Nd5 Qd8 13. Rxc1 Nf6 14. Nxf6+ exf6
15. Qd2 O-O 16. Be2 f5 17. exf5 Qh4+ 18. g3 Qh3 19. Ne3 Re8 20. fxg6 hxg6 21.
Kf2 Be6 22. Bf1 Qh5 23. Bg2 Qc5 24. Rhe1 Re7 25. b3 a5 26. Rcd1 Rd7 27. Kf1 a4
28. f4 axb3 29. axb3 Nb4 30. Nc2 Nxc2 31. Qxc2 Bf5 32. Qb2 Be6 33. Qd4 Qf5 34.
Rd2 Ra3 35. Qb2 Qc5 36. Rd5 Qa7 37. Rd2 Qc5 38. Rde2 Re7 39. Qf6 Re8 40. Rxe6
Rxe6 41. Rxe6 fxe6 42. Bh3 Kh7 43. Bxe6 Ra8 44. f5 Qe5 45. Qxg6+ Kh8 46. Qh6#
1-0

[Event "gm"]
[Site "?"]
[Date "2013.07.28"]
[Round "8.6"]
[White "Kobese, Watu"]
[Black "Emojong, Elijah"]
[Result "0-1"]
[WhiteElo "2343"]
[BlackElo "2311"]
[PlyCount "102"]
[EventDate "2013.??.??"]

1. e4 c5 2. Nf3 d6 3. d4 cxd4 4. Nxd4 Nf6 5. Nc3 a6 6. Bc4 e6 7. Bb3 Nbd7 8.
Qe2 Nc5 9. Bg5 Qa5 10. Bxf6 gxf6 11. O-O h5 12. Bc4 Qc7 13. a4 h4 14. Ra3 h3
15. g3 Qb6 16. Ra2 Nd7 17. Rd1 Ne5 18. a5 Qc5 19. Bb3 Be7 20. Qe3 Bd7 21. Na4
Qxa5 22. Nxe6 fxe6 23. Nb6 Ng4 24. Rxa5 Nxe3 25. fxe3 Bd8 26. Rxd6 Bc7 27. Rxd7
Bxb6 28. Ba4 Kf8 29. b4 Bxa5 30. bxa5 Rb8 31. Bb3 b6 32. Rd6 bxa5 33. Rxa6 Rd8
34. Rxa5 Rd1+ 35. Kf2 Rd2+ 36. Kf3 Rh6 37. Ra8+ Ke7 38. Ra7+ Kd8 39. Bxe6 Rxh2
40. Ra1 Rxc2 41. Rh1 h2 42. Bb3 Rb2 43. Bc4 Ke7 44. e5 fxe5 45. Bd5 Kd6 46. Be4
Ke6 47. Kg4 Rh8 48. Bf5+ Kf6 49. Be4 Rb4 50. Kf3 Kg5 51. Bd5 e4+ 0-1

[Event "gm"]
[Site "?"]
[Date "2013.07.28"]
[Round "8.7"]
[White "Van Den Heever, Donovan"]
[Black "Gluckman, David"]
[Result "1/2-1/2"]
[WhiteElo "2280"]
[BlackElo "2250"]
[PlyCount "77"]
[EventDate "2013.??.??"]

1. e4 Nf6 2. e5 Nd5 3. d4 d6 4. Nf3 dxe5 5. Nxe5 c6 6. c4 Nb4 7. Na3 Nd7 8. Nf3
Nf6 9. Be2 Bf5 10. O-O e6 11. Qb3 Be7 12. Bd2 a5 13. c5 Nfd5 14. Rfc1 O-O 15.
Nc4 a4 16. Qd1 b5 17. cxb6 Nxb6 18. Nce5 a3 19. Qb3 Qd5 20. bxa3 Qxb3 21. axb3
Nc2 22. Ra2 Nxa3 23. Nxc6 Bd6 24. Ba5 Nd5 25. b4 Nb1 26. Rb2 Nbc3 27. Bf1 Rfc8
28. b5 Rxc6 29. bxc6 Rxa5 30. Rb3 Ra7 31. Rbxc3 Nxc3 32. Rxc3 Be4 33. Ne5 f6
34. Nd7 Kf7 35. f3 Bxc6 36. Nxf6 Bxf3 37. Nxh7 Bd5 38. Ng5+ Ke7 39. Nf3 1/2-1/2

[Event "gm"]
[Site "?"]
[Date "2013.07.29"]
[Round "9.1"]
[White "Ipatov, Alexander"]
[Black "De Villiers, Charles"]
[Result "1-0"]
[WhiteElo "2583"]
[BlackElo "2255"]
[PlyCount "69"]
[EventDate "2013.??.??"]

1. d4 g6 2. c4 Bg7 3. Nf3 c5 4. d5 b5 5. cxb5 a6 6. bxa6 Bxa6 7. Nc3 d6 8. e4
Qa5 9. Bd2 Nf6 10. Be2 Bxe2 11. Qxe2 Qa6 12. Nb5 O-O 13. a4 Nbd7 14. Bc3 Rae8
15. O-O e6 16. Qc2 Qb6 17. dxe6 Rxe6 18. Ng5 Re7 19. Rfd1 h6 20. Rxd6 Qb7 21.
Nf3 Nxe4 22. Bxg7 Kxg7 23. Rdd1 Ndf6 24. h3 Rb8 25. b3 Nd5 26. Nd6 Nxd6 27.
Qxc5 Ne4 28. Qxd5 Qxd5 29. Rxd5 Rxb3 30. a5 Ra7 31. Nd4 Rb2 32. Nb5 Ra6 33. Nc7
Ra7 34. Rd7 Kf8 35. Ne6+ 1-0

[Event "gm"]
[Site "?"]
[Date "2013.07.29"]
[Round "9.3"]
[White "Arnold, Marc T"]
[Black "Gwaze, Robert"]
[Result "1/2-1/2"]
[WhiteElo "2525"]
[BlackElo "2433"]
[PlyCount "191"]
[EventDate "2013.??.??"]

1. Nf3 Nf6 2. c4 b6 3. d4 e6 4. e3 Bb7 5. Bd3 Bb4+ 6. Nbd2 O-O 7. O-O c5 8. a3
Bxd2 9. Nxd2 cxd4 10. exd4 d5 11. c5 bxc5 12. dxc5 a5 13. b4 axb4 14. Rb1 b3
15. Nxb3 Nc6 16. Bb5 Qe7 17. a4 Rfc8 18. Bg5 h6 19. Bh4 g5 20. Bg3 Ne4 21. Qh5
Kg7 22. f4 f6 23. Rbe1 Ba6 24. fxg5 hxg5 25. Bd6 Qf7 26. Qf3 Qg6 27. Qe2 Bb7
28. Qe3 e5 29. Nd2 Nd4 30. Nxe4 dxe4 31. Be7 f5 32. Qxg5 Qxg5 33. Bxg5 Rxc5 34.
Be3 Kf6 35. Bd7 Rd5 36. Bxf5 Nxf5 37. g4 Bc8 38. Rf2 Rxa4 39. gxf5 Rd3 40. h4
Bxf5 41. Rb2 Bg4 42. Kf2 Raa3 43. Rc2 Kf5 44. Rb2 Bd1 45. Rd2 Rxd2+ 46. Bxd2
Bf3 47. Rc1 Kg4 48. Rc3 Ra2 49. Ke3 Kxh4 50. Rc1 Kg4 51. Rg1+ Kf5 52. Rc1 Ra8
53. Rc3 Rh8 54. Be1 Rh3 55. Bf2 Rh1 56. Rc8 Rd1 57. Rf8+ Kg5 58. Rg8+ Kf6 59.
Bg3 Rd3+ 60. Kf2 Rd2+ 61. Kf1 Rc2 62. Rf8+ Ke6 63. Re8+ Kf5 64. Rf8+ Ke6 65.
Re8+ Kf6 66. Rf8+ Kg7 67. Re8 Be2+ 68. Ke1 Bd3 69. Bxe5+ Kf7 70. Rd8 Ke6 71.
Bf4 Re2+ 72. Kd1 Rg2 73. Be3 Re2 74. Bd2 Rh2 75. Bf4 Ra2 76. Be3 Bb5 77. Rb8
Be2+ 78. Ke1 Bf3 79. Bd2 Kd7 80. Rb3 Kc6 81. Rc3+ Kb5 82. Rb3+ Kc4 83. Rb4+ Kc5
84. Rb3 Ra4 85. Kf2 Kc4 86. Rb2 Kd3 87. Bf4 Ra6 88. Rd2+ Kc3 89. Ke3 Ra3 90.
Kf2 Rb3 91. Ra2 Bd1 92. Ra7 Kc2 93. Rc7+ Kb2 94. Bc1+ Kb1 95. Be3 Bf3 96. Rc1+
1/2-1/2

[Event "gm"]
[Site "?"]
[Date "2013.07.29"]
[Round "9.4"]
[White "Kasparov, Sergey"]
[Black "Kobese, Watu"]
[Result "0-1"]
[WhiteElo "2470"]
[BlackElo "2343"]
[PlyCount "72"]
[EventDate "2013.??.??"]

1. e4 c5 2. Nf3 d6 3. d4 cxd4 4. Nxd4 Nf6 5. f3 e5 6. Nb3 d5 7. Bg5 d4 8. c3
Nc6 9. Bb5 h6 10. Bh4 Qb6 11. Bxc6+ bxc6 12. cxd4 Bb4+ 13. N1d2 Ba6 14. Bf2
exd4 15. Bxd4 c5 16. Be3 Rd8 17. Kf2 Rd3 18. Re1 O-O 19. a3 Bxd2 20. Nxd2 Qxb2
21. Qc1 Qe5 22. Nf1 c4 23. Kg1 Nd7 24. Qc2 Nc5 25. Qf2 Rc8 26. Bxc5 Qxc5 27.
Qxc5 Rxc5 28. Ne3 c3 29. Rad1 c2 30. Rc1 Rd2 31. h4 Rc3 32. a4 Be2 33. Kf2 Bb5+
34. Kg3 Bxa4 35. Kf4 Bb3 36. Nf1 Rd1 0-1